01019nam a2200253 a 450000100060000000300080000600500170001400800410003103500190007204000350009104100080012608200310013410000250016524501400019026000710033030000370040150200790043850400460051760000130056365000680057665000290064465000580067370000340073179431BD-RjUL20220412140712.0220220s1995eng |||a|||| m||| 00| 0 eng d a(BD-RjUL)79431 aBD-RjULbengcBD-RjULdBD-RjUL aeng a388.10954924bKHR 1995223 aKhatun, Mst. Tajkera01aRoad Transport System of Greater Rajshahi District :bA Geographical Analysis /cBy Mst. Tajkera Khatun ;6Supervisor : Jafar Reza Khan aRajshahi :bDepartment of Geography, University of Rajshahi,c1995 aVarious Leaves :bill. ;c29 cm. aThesis (M. Phil.) -- Department of Geography, University of Rajshahi, 1995 aIncludes References at the end of thesis. z y  aTransportation geographyzBangladeshzGreater Rajshahi District aTransportation and state aRoad TransportzBangladeshzGreater Rajshahi District aKhan, Jafar Reza, Supervisor